000 00957nam a2200253 a 4500
001 000015692
005 20200929164124.0
008 100217s2002 dr a 000 0 spa d
040 _aDO-SdBNP
_bspa
_cBNPHU
082 _a334
_bE19s
245 0 3 _aLa economía social ante la globalización neoliberal /
_cClaudio Alberto Rivera Rodríguez... [ et. al] ; edición Cludio Lugo Pérez.
260 _aSanto Domingo :
_bENECOOP,
_c2002.
300 _a153 p. :
_bil. ;
_c21 cm.
504 _aBibliografía : p. 145-153
590 _aInventariado, 2018 /LP
650 4 _aCooperativismo
_98303
650 4 _aEconomía social de mercado
_916079
700 1 2 _aLabrador Machín, Adalys
_935360
700 1 2 _aAlfonso Alemán, Juan Luis
_935361
700 1 2 _aAlfonso Alemán, Pedro
_935362
700 1 2 _aLugo Pérez, Claudio,
_eed.
_910211
710 2 _aEscuela Nacional de Cooperativista (República Dominicana)
_935363
910 _aValidado. Control de calidad MFF
999 _c15244
_d15244